<?xml version="1.0" encoding="UTF-8"?>
<record
    xmlns:xsi="http://www.w3.org/2001/XMLSchema-instance"
    xsi:schemaLocation="http://www.loc.gov/MARC21/slim http://www.loc.gov/standards/marcxml/schema/MARC21slim.xsd"
    xmlns="http://www.loc.gov/MARC21/slim">

  <leader>00957nab a2200205 i 4500</leader>
  <controlfield tag="001">190385</controlfield>
  <controlfield tag="003">ES-MaACL</controlfield>
  <controlfield tag="005">20231228063303.0</controlfield>
  <controlfield tag="008">210120s1944    sp            001 s spa d</controlfield>
  <datafield tag="100" ind1="1" ind2=" ">
    <subfield code="a">Men&#xE9;ndez y Pelayo, Marcelino,</subfield>
    <subfield code="d">1856-1912</subfield>
    <subfield code="9">80332</subfield>
  </datafield>
  <datafield tag="245" ind1="1" ind2="4">
    <subfield code="a">Los grandes pol&#xED;grafos espa&#xF1;oles : </subfield>
    <subfield code="b">conferencias pronunciadas en la C&#xE1;tedra de Estudios Superiores del Ateneo de Madrid / </subfield>
    <subfield code="c">Marcelino Men&#xE9;ndez Pelayo.</subfield>
  </datafield>
  <datafield tag="610" ind1="2" ind2="4">
    <subfield code="a">Ateneo de Madrid. </subfield>
    <subfield code="b">Escuela de Estudios Superiores (1896-1907)-</subfield>
    <subfield code="v">Cursos y conferencias.</subfield>
    <subfield code="9">1959</subfield>
  </datafield>
  <datafield tag="650" ind1=" " ind2="4">
    <subfield code="a">Literatura espa&#xF1;ola-</subfield>
    <subfield code="x">Historia y cr&#xED;tica</subfield>
    <subfield code="9">14560</subfield>
  </datafield>
  <datafield tag="650" ind1=" " ind2="4">
    <subfield code="a">Escritores espa&#xF1;oles.</subfield>
    <subfield code="9">227007</subfield>
  </datafield>
  <datafield tag="710" ind1="2" ind2=" ">
    <subfield code="a">Sociedad Men&#xE9;ndez Pelayo</subfield>
    <subfield code="9">6793</subfield>
  </datafield>
  <datafield tag="773" ind1="0" ind2=" ">
    <subfield code="t">Bolet&#xED;n de la Biblioteca de Men&#xE9;ndez Pelayo,</subfield>
    <subfield code="d">Santander : Sociedad Men&#xE9;ndez Pelayo, </subfield>
    <subfield code="x">ISSN 0006-1646,</subfield>
    <subfield code="g">A&#xF1;o 20, 1944, p. 3-192</subfield>
    <subfield code="w">414</subfield>
    <subfield code="0">414</subfield>
    <subfield code="9">425</subfield>
  </datafield>
  <datafield tag="942" ind1=" " ind2=" ">
    <subfield code="c">ANAB</subfield>
    <subfield code="2">udc</subfield>
  </datafield>
  <datafield tag="999" ind1=" " ind2=" ">
    <subfield code="c">190385</subfield>
    <subfield code="d">190385</subfield>
  </datafield>
</record>
